00502nam a2200193 a 4500001001300000003000900013005001700022008004100039020001000080082001600090100002000106245003500126260004200161300000800203500003500211505002400246650001800270700002000288nice12345678IN_TiNIC20260116012501.0050524s0000 dela grp 000 0 eng  ac10000a297.52bFAR aFarias, Terence aSelections from Muslim Sources aDelhibIslamic Studies Assn.Tpic0000 a26p aincludes index and biblioraphy2 aBibliography, Index aIslam-Prayers1 aFarias, Terence